Catálogo - Centro de Recursos para el Aprendizaje y la Investigación
Volver al Sitio - CRAI Biblioteca| 000 -CABECERA | |
|---|---|
| campo de control de longitud fija | 01284nam a2200289 4500 |
| 001 - NÚMERO DE CONTROL | |
| campo de control | 114566 |
| 003 - IDENTIFICADOR DEL NÚMERO DE CONTROL | |
| campo de control | DR-UNIBE |
| 005 - FECHA Y HORA DE LA ÚLTIMA TRANSACCIÓN | |
| campo de control | 20260410092153.0 |
| 008 - DATOS DE LONGITUD FIJA--INFORMACIÓN GENERAL | |
| campo de control de longitud fija | 260410b dr ||||| |||| 00| 1 spa d |
| 040 ## - FUENTE DE LA CATALOGACIÓN | |
| Centro catalogador/agencia de origen | BIBLIOTECA UNIBE |
| Lengua de catalogación | spa |
| Centro/agencia transcriptor | BIBLIOTECA UNIBE |
| Normas de descripción | RDA |
| 041 ## - CÓDIGO DE LENGUA | |
| Código de lengua del texto/banda sonora o título independiente | spa |
| 090 ## - LOCALMENTE ASIGNADO TIPO-LC NÚMERO DE CLASIFICACIÓN (OCLC); NÚMERO DE CLASIFICACIÓN LOCAL (RLIN) | |
| Número de clasificación (OCLC) (R) ; Numero de clasificación, CALL (RLIN) (NR) | FBIU-K CI R621u |
| 100 10 - ENTRADA PRINCIPAL--NOMBRE DE PERSONA | |
| Nombre de persona | Rivera, Rosanna |
| 9 (RLIN) | 199828 |
| Término indicativo de función/relación | autor |
| 245 13 - MENCIÓN DE TÍTULO | |
| Título | Un gatito en la ciudad colonia / |
| Mención de responsabilidad, etc. | Rosanna Rivera; ilustraciones: Moisés Feliz ; asesoría: María Teresa Ruiz de Catrain ; diseño y diagramación: María Rosa Baquero ; fotografía del autor y del gato: Luis Alberto Carbuccia ; supervisión de impresión: Luis Vidal |
| 260 ## - PUBLICACIÓN, DISTRIBUCIÓN, ETC. | |
| Lugar de publicación, distribución, etc. | Santo Domingo: |
| Nombre del editor, distribuidor, etc. | KahKow, |
| Fecha de publicación, distribución, etc. | [Fecha no identificada] |
| 300 ## - DESCRIPCIÓN FÍSICA | |
| Extensión | 31 páginas: |
| Otras características físicas | dibujos a color |
| Dimensiones | 27 x 23 cm |
| 500 ## - NOTA GENERAL | |
| Nota general | Comentario del autor al final de la obra |
| 653 07 - TÉRMINO DE INDIZACIÓN--NO CONTROLADO | |
| Término no controlado | Cuentos infantiles dominicanos |
| 653 07 - TÉRMINO DE INDIZACIÓN--NO CONTROLADO | |
| Término no controlado | Literatura infantil dominicana |
| 653 07 - TÉRMINO DE INDIZACIÓN--NO CONTROLADO | |
| Término no controlado | Gatos - Cuentos infantiles dominicanos |
| 700 10 - PUNTO DE ACCESO ADICIONAL--NOMBRE DE PERSONA | |
| Nombre de persona | Feliz, Moisés |
| 9 (RLIN) | 204162 |
| Término indicativo de función/relación | ilustrador |
| 700 10 - PUNTO DE ACCESO ADICIONAL--NOMBRE DE PERSONA | |
| Nombre de persona | Ruiz de Catrain, María Teresa |
| 9 (RLIN) | 47660 |
| Término indicativo de función/relación | asesor |
| 700 10 - PUNTO DE ACCESO ADICIONAL--NOMBRE DE PERSONA | |
| Nombre de persona | Baquero, María Rosa |
| 9 (RLIN) | 185144 |
| Término indicativo de función/relación | diseñador |
| -- | diagramador |
| 700 10 - PUNTO DE ACCESO ADICIONAL--NOMBRE DE PERSONA | |
| Nombre de persona | Carbuccia, Luis Alberto |
| 9 (RLIN) | 204163 |
| Término indicativo de función/relación | fotógrafo |
| 700 10 - PUNTO DE ACCESO ADICIONAL--NOMBRE DE PERSONA | |
| Nombre de persona | Vidal, Luis |
| 9 (RLIN) | 204164 |
| Término indicativo de función/relación | supervisor de impresión |
| 942 ## - ELEMENTOS DE PUNTO DE ACCESO ADICIONAL (KOHA) | |
| Fuente del sistema de clasificación o colocación | Sistema de Clasificación Decimal Dewey |
| Tipo de ítem Koha | Libro (general) |
| Estado de retiro | Estado de pérdida | Fuente del sistema de clasificación o colocación | No para préstamo | Código de colección | Localización permanente | Fecha de adquisición | Total de préstamos | Signatura topográfica completa | Código de barras | Fecha visto por última vez | Número de copia | Precio válido a partir de | Tipo de ítem Koha |
|---|---|---|---|---|---|---|---|---|---|---|---|---|---|
| Disponible | Sistema de Clasificación Decimal Dewey | No se presta | Fondo Bibliográfico IBBY-UNIBE | Biblioteca Central UNIBE | 11/02/2026 | FBIU-K CI R621u | FBIU0930 | 10/04/2026 | Ej. 1 | 10/04/2026 | Libro (reserva) |